Villes du Tarn-et-Garonne (82) - Mort subite - Statistiques

Statistiques générales
  • Ce quiz a été pris 67 fois
  • Le résultat moyen est 12 sur 20
Answers on the Grid
Answers color-coded by a green-red scale on the quiz's grid according to % correct below.
Montauban
Moissac
Castelsarrasin
Caussade
Caylus
Nègrepelisse
Saint-Antonin-Noble-Val
Beaumont-de-Lomagne
Golfech
Lafrançaise
Grisolles
Montbeton
Montech
Laguépie
Lauzerte
La Ville-Dieu-du-Temple
Auvillar
Bruniquel
Montaigu-de-Quercy
Albias
Saint-Martin-Laguépie
Najac
Lectoure
Grenade
Montcuq-en-Quercy-Blanc
Tonneins
Naucelle
Réalmont
Fronton
Mauvezin
 
Statistiques - réponses
Réponse % Correct
Montauban
93%
Castelsarrasin
80%
Nègrepelisse
76%
Moissac
73%
Caussade
71%
Montech
69%
Saint-Antonin-Noble-Val
67%
Bruniquel
62%
Albias
58%
Beaumont-de-Lomagne
58%
Lafrançaise
58%
La Ville-Dieu-du-Temple
58%
Caylus
56%
Grisolles
56%
Golfech
53%
Auvillar
49%
Lauzerte
42%
Montbeton
40%
Laguépie
36%
Montaigu-de-Quercy
36%
Aucun quiz correspondant
Distribution des résultats
% des personnes avec chaque résultat
Percentile par nombre de réponses
Votre historique - résultats
Vous n’avez pas pris ce quiz